000 00370nam a22001577a 4500
999 _c255589
_d255588
003 OSt
005 20230202120425.0
008 170222b xxu||||| |||| 00| 0 eng d
020 _a9780073515618
040 _cN/A
100 _aRichard Eathorne
245 _aEnviroment 12/13
250 _aannual edition
260 _aNew York
_bMcGraw-Hill
_c2012
942 _2lcc
_cBK